1506 1451 1603 1239 1347 1409 1688 1327 1896 1422 1835 1500 1268 1987 1440 1179 1764 1467 1747 1820 1878 1874 1283 1818 1715 1392 1560 1175 1088 1576 1220 1475 1385 1351 1649 1226 1400 1090 1302 1862 1148 1566 1146 1537 1903 1763 1868 1106 1179 1384 1629 1354 1712 1711 1353 1030 1828 1210 1337 1207 1860 1361 1207 1980 1927 1215 1975 1583 1013 1701 1868 1869 1327 1668 1826 1903 1846 1412 1733 1440 1756 1214 1223 1416 1091 1604 1848 1654 1550 1840 1197 1061 1007 1096 1866 1400 1190 1351 1411 BCNSPRNW ULIB Ver.6.0+V

เปลี่ยนเป็นภาษาไทย

Change to English
 แสดงรายละเอียดบรรณานุกรม
  กลับหน้าหลัก

Brief Record : Get Marc (ISO 2709) : E-mail record : QR code < ปิดหน้าต่าง
LEADER : 00000nam 2200000uu 4500
001    13399129020
003     ULIB
008    250515s2567||||th 000 0 tha d
020    ^a9786164263376
060  4 ^aWE344^bป139น
100 0  ^aปฐพงศ์ โตวิวัฒน์.
245 1  ^aแนวทางการดูแลรักษาภาวะข้ออักเสบเฉียบพลันที่ห้องฉุกเฉิน =^bEssential approach and management of acute arthritic conditions in emergency department /^cปฐพงศ์ โตวิวัฒน์.
246 3  ^aEssential approach and management of acute arthritic conditions in emergency department
250    ^aพิมพ์ครั้งที่ 1.
260    ^aพิษณุโลก:^bสำนักพิมพ์มหาวิทยาลัยนเรศวร,^c2567.
300    ^a275หน้า :^bภาพประกอบ,ตาราง;^c26ซม.
505 0  ^aสารบัญ :แนวทางการสับค้นอาการปวดข้อในห้องฉุกเฉิน - - การตรวจทางห้องปฏิบัติการที่จำเป็นสำหรับโรคข้ออักเสบในห้องฉุกเฉิน - - โรคข้ออักเสบที่เกิดจากการติดเชื้อแบคทีเรียที่ไม่ใช่หนองใน - - โรคข้ออักเสบที่เกิดจากการติดเชื้อหนองใน - - โรคเกาต์ - - โรคเกาต์เทียมหรือโรคข้ออักเสบที่เกิดจากผลึกเกลือ - - โรคข้อเสื่อม - - ยาต้านอักเสบชนิดไม่ใช่สเตียรอยด์.
650  4 ^aกระดูก^xโรค
650  4 ^aข้อ^xโรค
650  4 ^aข้ออักเสบ,โรค
650  4 ^aข้ออักเสบ.
650  4 ^aข้ออักเสบ^xการดูแล
650  4 ^aข้ออักเสบ^xโรค^xการรีักษา
945    ^p540^l0^i011472
945    ^p540^l0^i011474
945    ^p540^l0^i011473
999    ^aประนอม เกษจรัล
รายการนี้ยังไม่มีแท็ก
คุณยังไม่ได้ล็อกอิน คุณสามารถมีกิจกรรมร่วมกับเว็บไซต์ได้ แต่ต้องล็อกอินก่อน ::
  ล็อกอิน

รายการสื่อสารสนเทศ

ลำดับที่ ประเภท เลขเรียก/บาร์โค้ด สถานที่ สถานะ
1. วิทยาศาสตร์การแพทย์ และสุขภาพ
หนังสือสำรอง
สถานะ=หนังสือสำรอง
WE344 ป139น ฉ.1 
  Barcode: 011472
ห้องสมุดวิทยาเขตสวรรค์ประชารักษ์
►หนังสือทั่วไป
บนชั้น
2. วิทยาศาสตร์การแพทย์ และสุขภาพ
วิทยาศาสตร์การแพทย์ และสุขภาพ
WE344 ป139น ฉ.2 
  Barcode: 011474
ห้องสมุดวิทยาเขตสวรรค์ประชารักษ์
►หนังสือทั่วไป
บนชั้น
3. วิทยาศาสตร์การแพทย์ และสุขภาพ
วิทยาศาสตร์การแพทย์ และสุขภาพ
WE344 ป139น ฉ.3 
  Barcode: 011473
ห้องสมุดวิทยาเขตสวรรค์ประชารักษ์
►หนังสือทั่วไป
บนชั้น

รายการใกล้เคียง
    ผู้แต่ง [ปฐพงศ์ โตวิวัฒน์.]

    หัวเรื่อง [ข้ออักเสบ,โรค]
    หัวเรื่อง [ข้ออักเสบ.]

BibComment


ยังไม่เคยถูกคอมเมนท์

คอมเมนท์ทรัพยากรรายการนี้
  คอมเมนท์: แนวทางการดูแลรัก..


 Copyright 2026. Bcnsprnw @Library